[Event "April 9 Late 2024"]
[Site "Chess.com"]
[Date "2024.04.09"]
[Round "3"]
[White "Aalto, Patrik"]
[Black "Padalka, Artem"]
[Result "1/2-1/2"]
[Board "124"]
[WhiteFideId "510726"]
[BlackFideId "14118637"]
[BlackTitle "CM"]
[WhiteElo "2547"]
[BlackElo "2314"]
[WhiteTeam "FIN"]
[BlackTeam "POL"]
[WhiteClock "0:00:04"]
[BlackClock "0:00:16"]
[Variant "Standard"]

1. c4 {[%clk 0:03:00]}  c5 {[%clk 0:02:58]} 2. Nf3 {[%clk 0:03:00]}  Nf6 {[%clk 0:02:58]} 3. d4 {[%clk 0:03:00]}  g6 {[%clk 0:02:58]} 4. Nc3 {[%clk 0:02:58]}  Bg7 {[%clk 0:02:58]} 5. e4 {[%clk 0:02:59]}  O-O {[%clk 0:02:56]} 6. Be2 {[%clk 0:02:52]}  d6 {[%clk 0:02:55]} 7. O-O {[%clk 0:02:51]}  cxd4 {[%clk 0:02:52]} 8. Nxd4 {[%clk 0:02:51]}  Nc6 {[%clk 0:02:53]} 9. Be3 {[%clk 0:02:51]}  Bd7 {[%clk 0:02:51]} 10. Qd2 {[%clk 0:02:44]}  Nxd4 {[%clk 0:02:48]} 11. Bxd4 {[%clk 0:02:43]}  Bc6 {[%clk 0:02:48]} 12. f3 {[%clk 0:02:40]}  a5 {[%clk 0:02:47]} 13. b3 {[%clk 0:02:38]}  Nd7 {[%clk 0:02:47]} 14. Rac1 {[%clk 0:02:28]}  Bxd4+ {[%clk 0:02:46]} 15. Qxd4 {[%clk 0:02:29]}  Qb6 {[%clk 0:02:47]} 16. Qxb6 {[%clk 0:02:27]}  Nxb6 {[%clk 0:02:48]} 17. Rfd1 {[%clk 0:02:07]}  f5 {[%clk 0:02:31]} 18. Bd3 {[%clk 0:02:05]}  f4 {[%clk 0:02:23]} 19. e5 {[%clk 0:02:01]}  dxe5 {[%clk 0:02:20]} 20. Be4 {[%clk 0:01:28]}  Rfd8 {[%clk 0:02:11]} 21. c5 {[%clk 0:01:25]}  Nd7 {[%clk 0:02:05]} 22. Bxc6 {[%clk 0:00:45]}  bxc6 {[%clk 0:02:04]} 23. Na4 {[%clk 0:00:43]}  Rab8 {[%clk 0:01:54]} 24. Nb6 {[%clk 0:00:36]}  Nf6 {[%clk 0:01:37]} 25. Nc4 {[%clk 0:00:34]}  e4 {[%clk 0:01:31]} 26. fxe4 {[%clk 0:00:33]}  Nxe4 {[%clk 0:01:31]} 27. Re1 {[%clk 0:00:32]}  Nxc5 {[%clk 0:01:28]} 28. Rxe7 {[%clk 0:00:31]}  Rb7 {[%clk 0:01:26]} 29. Rxb7 {[%clk 0:00:23]}  Nxb7 {[%clk 0:01:26]} 30. Ne5 {[%clk 0:00:20]}  c5 {[%clk 0:01:23]} 31. Nc6 {[%clk 0:00:19]}  Rd2 {[%clk 0:01:22]} 32. a3 {[%clk 0:00:18]}  Rb2 {[%clk 0:01:20]} 33. Rc3 {[%clk 0:00:17]}  Kf7 {[%clk 0:01:15]} 34. Ne5+ {[%clk 0:00:16]}  Ke6 {[%clk 0:01:15]} 35. Nc4 {[%clk 0:00:17]}  Ra2 {[%clk 0:01:13]} 36. Rf3 {[%clk 0:00:14]}  g5 {[%clk 0:01:11]} 37. h4 {[%clk 0:00:13]}  h6 {[%clk 0:01:11]} 38. hxg5 {[%clk 0:00:14]}  hxg5 {[%clk 0:01:11]} 39. g3 {[%clk 0:00:14]}  Kf5 {[%clk 0:01:09]} 40. gxf4 {[%clk 0:00:13]}  gxf4 {[%clk 0:01:09]} 41. Rd3 {[%clk 0:00:11]}  a4 {[%clk 0:00:30]} 42. bxa4 {[%clk 0:00:10]}  Rc2 {[%clk 0:00:30]} 43. a5 {[%clk 0:00:06]}  Rxc4 {[%clk 0:00:29]} 44. a6 {[%clk 0:00:06]}  Nd6 {[%clk 0:00:19]} 45. Rxd6 {[%clk 0:00:05]}  Ra4 {[%clk 0:00:19]} 46. Rc6 {[%clk 0:00:05]}  Rxa6 {[%clk 0:00:17]} 47. Rxc5+ {[%clk 0:00:05]}  Kg4 {[%clk 0:00:17]} 48. Rc3 {[%clk 0:00:05]}  f3 {[%clk 0:00:17]} 49. Rc8 {[%clk 0:00:03]}  Rxa3 {[%clk 0:00:15]} 50. Rg8+ {[%clk 0:00:03]}  Kf4 {[%clk 0:00:16]} 51. Rf8+ {[%clk 0:00:03]}  Ke3 {[%clk 0:00:16]} 52. Re8+ {[%clk 0:00:03]}  Kf4 {[%clk 0:00:16]} 53. Rf8+ {[%clk 0:00:03]}  Kg3 {[%clk 0:00:16]} 54. Rg8+ {[%clk 0:00:04]}  Kf4 {[%clk 0:00:16]} 55. Rf8+ {[%clk 0:00:04]} 1/2-1/2

[Event "April 9 Late 2024"]
[Site "Chess.com"]
[Date "2024.04.09"]
[Round "3"]
[White "Mkrtchyan, Mikayel"]
[Black "Bence Papp"]
[Result "1-0"]
[Board "125"]
[WhiteFideId "13305743"]
[BlackFideId "788384"]
[BlackTitle "FM"]
[WhiteElo "2542"]
[BlackElo "2309"]
[WhiteTeam "ARM"]
[BlackTeam "HUN"]
[WhiteClock "0:00:04"]
[BlackClock "0:00:08"]
[Variant "Standard"]

1. Nf3 {[%clk 0:03:00]}  Nf6 {[%clk 0:02:59]} 2. c4 {[%clk 0:03:01]}  e6 {[%clk 0:02:59]} 3. g3 {[%clk 0:03:00]}  d5 {[%clk 0:02:59]} 4. d4 {[%clk 0:03:00]}  Be7 {[%clk 0:02:58]} 5. Bg2 {[%clk 0:03:01]}  O-O {[%clk 0:02:59]} 6. O-O {[%clk 0:03:01]}  dxc4 {[%clk 0:02:59]} 7. Qc2 {[%clk 0:03:01]}  a6 {[%clk 0:02:58]} 8. a4 {[%clk 0:03:01]}  Bd7 {[%clk 0:02:57]} 9. Nc3 {[%clk 0:02:56]}  Bc6 {[%clk 0:02:50]} 10. e4 {[%clk 0:02:55]}  a5 {[%clk 0:02:45]} 11. Bg5 {[%clk 0:02:24]}  Na6 {[%clk 0:02:41]} 12. Rad1 {[%clk 0:02:22]}  Nb4 {[%clk 0:02:39]} 13. Qe2 {[%clk 0:02:21]}  Qe8 {[%clk 0:02:18]} 14. Ne5 {[%clk 0:01:38]}  Bxa4 {[%clk 0:02:07]} 15. Nxa4 {[%clk 0:01:24]}  Qxa4 {[%clk 0:02:06]} 16. Qxc4 {[%clk 0:01:20]}  c6 {[%clk 0:01:42]} 17. Rfe1 {[%clk 0:01:08]}  Qc2 {[%clk 0:01:39]} 18. Qf1 {[%clk 0:00:56]}  Qxb2 {[%clk 0:01:29]} 19. Bxf6 {[%clk 0:00:54]}  gxf6 {[%clk 0:01:26]} 20. Nc4 {[%clk 0:00:50]}  Qc3 {[%clk 0:01:19]} 21. Re3 {[%clk 0:00:44]}  Qc2 {[%clk 0:01:12]} 22. Rc1 {[%clk 0:00:44]}  Qa2 {[%clk 0:01:07]} 23. Ra3 {[%clk 0:00:42]}  b5 {[%clk 0:00:47]} 24. Rxa2 {[%clk 0:00:37]}  Nxa2 {[%clk 0:00:48]} 25. Ra1 {[%clk 0:00:35]}  bxc4 {[%clk 0:00:44]} 26. Rxa2 {[%clk 0:00:33]}  c3 {[%clk 0:00:42]} 27. Qc4 {[%clk 0:00:32]}  Bb4 {[%clk 0:00:38]} 28. e5 {[%clk 0:00:24]}  f5 {[%clk 0:00:38]} 29. g4 {[%clk 0:00:19]}  f4 {[%clk 0:00:26]} 30. Be4 {[%clk 0:00:12]}  Kh8 {[%clk 0:00:23]} 31. Bc2 {[%clk 0:00:12]}  Rg8 {[%clk 0:00:23]} 32. h3 {[%clk 0:00:12]}  h5 {[%clk 0:00:17]} 33. Qd3 {[%clk 0:00:08]}  Rg7 {[%clk 0:00:16]} 34. Kg2 {[%clk 0:00:07]}  Rag8 {[%clk 0:00:15]} 35. Kf3 {[%clk 0:00:06]}  h4 {[%clk 0:00:14]} 36. Qe4 {[%clk 0:00:05]}  Rd8 {[%clk 0:00:12]} 37. Qxf4 {[%clk 0:00:05]}  c5 {[%clk 0:00:12]} 38. Qh6+ {[%clk 0:00:03]}  Kg8 {[%clk 0:00:12]} 39. Qf6 {[%clk 0:00:03]}  Rxd4 {[%clk 0:00:11]} 40. Be4 {[%clk 0:00:03]}  Rd2 {[%clk 0:00:10]} 41. Rxd2 {[%clk 0:00:03]}  cxd2 {[%clk 0:00:10]} 42. Bc2 {[%clk 0:00:04]}  Kh8 {[%clk 0:00:08]} 43. Ke2 {[%clk 0:00:04]}  Kg8 {[%clk 0:00:08]} 44. Qd8# {[%clk 0:00:04]} 1-0

[Event "April 9 Late 2024"]
[Site "Chess.com"]
[Date "2024.04.09"]
[Round "3"]
[White "Szente Varga, Fruzsina"]
[Black "Vovk, Orest"]
[Result "0-1"]
[Board "127"]
[WhiteFideId "712264"]
[BlackFideId "14113490"]
[WhiteTitle "WFM"]
[BlackTitle "FM"]
[WhiteElo "2298"]
[BlackElo "2539"]
[WhiteTeam "HUN"]
[BlackTeam "UKR"]
[WhiteClock "0:00:04"]
[BlackClock "0:01:11"]
[Variant "Standard"]

1. e4 {[%clk 0:03:00]}  g5 {[%clk 0:02:48]} 2. d4 {[%clk 0:02:52]}  g4 {[%clk 0:02:47]} 3. Qxg4 {[%clk 0:02:41]}  d5 {[%clk 0:02:43]} 4. Qd1 {[%clk 0:02:13]}  dxe4 {[%clk 0:02:42]} 5. Nc3 {[%clk 0:02:14]}  Nf6 {[%clk 0:02:42]} 6. Bg5 {[%clk 0:02:12]}  Bf5 {[%clk 0:02:30]} 7. Bxf6 {[%clk 0:02:04]}  exf6 {[%clk 0:02:30]} 8. Nge2 {[%clk 0:02:02]}  Bd6 {[%clk 0:02:23]} 9. Ng3 {[%clk 0:02:01]}  Bxg3 {[%clk 0:02:22]} 10. hxg3 {[%clk 0:02:00]}  Nc6 {[%clk 0:02:20]} 11. Bb5 {[%clk 0:02:00]}  a6 {[%clk 0:02:15]} 12. Bxc6+ {[%clk 0:01:53]}  bxc6 {[%clk 0:02:16]} 13. Na4 {[%clk 0:01:25]}  Qd6 {[%clk 0:02:11]} 14. Nc5 {[%clk 0:01:23]}  e3 {[%clk 0:02:10]} 15. f4 {[%clk 0:00:37]}  Rg8 {[%clk 0:02:00]} 16. c3 {[%clk 0:00:20]}  Rxg3 {[%clk 0:01:59]} 17. Qe2 {[%clk 0:00:20]}  Qd5 {[%clk 0:01:49]} 18. Rh2 {[%clk 0:00:16]}  Kf8 {[%clk 0:01:31]} 19. b3 {[%clk 0:00:14]}  Bg4 {[%clk 0:01:12]} 20. Qd3 {[%clk 0:00:14]}  Rxg2 {[%clk 0:01:12]} 21. Rxg2 {[%clk 0:00:09]}  Qxg2 {[%clk 0:01:12]} 22. Rb1 {[%clk 0:00:04]}  Qf2# {[%clk 0:01:11]} 0-1

[Event "April 9 Late 2024"]
[Site "Chess.com"]
[Date "2024.04.09"]
[Round "3"]
[White "Melian, Juan Sebastian"]
[Black "Yevchenko, Oleksandr"]
[Result "1-0"]
[Board "130"]
[WhiteFideId "3706575"]
[BlackFideId "14108267"]
[WhiteTitle "FM"]
[BlackTitle "CM"]
[WhiteElo "2531"]
[BlackElo "2257"]
[WhiteTeam "PAR"]
[BlackTeam "UKR"]
[WhiteClock "0:00:37"]
[BlackClock "0:00:00"]
[Variant "Standard"]

1. e4 {[%clk 0:02:57]}  c5 {[%clk 0:03:00]} 2. Nf3 {[%clk 0:02:57]}  d6 {[%clk 0:03:00]} 3. c3 {[%clk 0:02:58]}  Nf6 {[%clk 0:02:59]} 4. Bd3 {[%clk 0:02:58]}  Nc6 {[%clk 0:02:56]} 5. h3 {[%clk 0:02:58]}  e5 {[%clk 0:02:52]} 6. Bc2 {[%clk 0:02:58]}  d5 {[%clk 0:02:41]} 7. exd5 {[%clk 0:02:55]}  Nxd5 {[%clk 0:02:42]} 8. O-O {[%clk 0:02:52]}  Be7 {[%clk 0:02:20]} 9. Re1 {[%clk 0:02:46]}  f6 {[%clk 0:02:20]} 10. d4 {[%clk 0:02:45]}  cxd4 {[%clk 0:02:19]} 11. cxd4 {[%clk 0:02:46]}  Ndb4 {[%clk 0:01:39]} 12. Ba4 {[%clk 0:02:12]}  O-O {[%clk 0:01:27]} 13. a3 {[%clk 0:02:04]}  Na6 {[%clk 0:01:11]} 14. dxe5 {[%clk 0:01:54]}  Qxd1 {[%clk 0:01:02]} 15. Bxd1 {[%clk 0:01:55]}  fxe5 {[%clk 0:00:57]} 16. Nxe5 {[%clk 0:01:53]}  Nxe5 {[%clk 0:00:46]} 17. Rxe5 {[%clk 0:01:54]}  Bf6 {[%clk 0:00:36]} 18. Re1 {[%clk 0:01:54]}  Bf5 {[%clk 0:00:34]} 19. Nc3 {[%clk 0:01:25]}  Nc5 {[%clk 0:00:33]} 20. Bf3 {[%clk 0:01:15]}  Nd3 {[%clk 0:00:23]} 21. Rd1 {[%clk 0:01:13]}  Rad8 {[%clk 0:00:13]} 22. Nd5 {[%clk 0:01:08]}  Bd4 {[%clk 0:00:12]} 23. Ne7+ {[%clk 0:01:03]}  Kh8 {[%clk 0:00:12]} 24. Nxf5 {[%clk 0:01:04]}  Bxf2+ {[%clk 0:00:12]} 25. Kf1 {[%clk 0:01:04]}  Rxf5 {[%clk 0:00:12]} 26. Be4 {[%clk 0:00:39]}  Rff8 {[%clk 0:00:04]} 27. Rxd3 {[%clk 0:00:38]}  Rde8 {[%clk 0:00:00]} 28. Bf3 {[%clk 0:00:37]} 1-0

[Event "April 9 Late 2024"]
[Site "Chess.com"]
[Date "2024.04.09"]
[Round "3"]
[White "Da Silva, Erick Feitosa"]
[Black "Guliev, Logman"]
[Result "0-1"]
[Board "131"]
[WhiteFideId "2155664"]
[BlackFideId "13400061"]
[BlackTitle "IM"]
[WhiteElo "2251"]
[BlackElo "2529"]
[WhiteTeam "BRA"]
[BlackTeam "AZE"]
[WhiteClock "0:00:02"]
[BlackClock "0:00:54"]
[Variant "Standard"]

1. c4 {[%clk 0:02:55]}  e6 {[%clk 0:02:59]} 2. e4 {[%clk 0:02:52]}  d5 {[%clk 0:02:59]} 3. exd5 {[%clk 0:02:53]}  exd5 {[%clk 0:02:59]} 4. cxd5 {[%clk 0:02:54]}  Nf6 {[%clk 0:02:59]} 5. Nc3 {[%clk 0:02:54]}  Nxd5 {[%clk 0:02:58]} 6. Bc4 {[%clk 0:02:55]}  Be6 {[%clk 0:02:56]} 7. Qb3 {[%clk 0:02:54]}  Nxc3 {[%clk 0:02:32]} 8. Bxe6 {[%clk 0:02:44]}  Qe7 {[%clk 0:02:31]} 9. dxc3 {[%clk 0:02:36]}  Qxe6+ {[%clk 0:02:31]} 10. Qxe6+ {[%clk 0:02:36]}  fxe6 {[%clk 0:02:31]} 11. Nf3 {[%clk 0:02:36]}  Nc6 {[%clk 0:02:31]} 12. O-O {[%clk 0:02:37]}  O-O-O {[%clk 0:02:28]} 13. Re1 {[%clk 0:02:36]}  Bc5 {[%clk 0:02:28]} 14. Bg5 {[%clk 0:02:36]}  Rde8 {[%clk 0:02:27]} 15. Nd2 {[%clk 0:02:22]}  Rhf8 {[%clk 0:02:25]} 16. Bh4 {[%clk 0:02:21]}  Bb6 {[%clk 0:02:16]} 17. Bg3 {[%clk 0:02:15]}  Rd8 {[%clk 0:02:09]} 18. Nc4 {[%clk 0:02:14]}  Rde8 {[%clk 0:02:01]} 19. Re2 {[%clk 0:02:14]}  Rf6 {[%clk 0:01:58]} 20. Rae1 {[%clk 0:02:12]}  Ref8 {[%clk 0:01:51]} 21. Nxb6+ {[%clk 0:02:06]}  axb6 {[%clk 0:01:51]} 22. Rxe6 {[%clk 0:02:07]}  Kd7 {[%clk 0:01:49]} 23. Rxf6 {[%clk 0:01:55]}  Rxf6 {[%clk 0:01:48]} 24. h3 {[%clk 0:01:52]}  g5 {[%clk 0:01:47]} 25. b3 {[%clk 0:01:49]}  h5 {[%clk 0:01:47]} 26. f3 {[%clk 0:01:46]}  h4 {[%clk 0:01:42]} 27. Bf2 {[%clk 0:01:45]}  Rd6 {[%clk 0:01:42]} 28. Kf1 {[%clk 0:01:39]}  Rd3 {[%clk 0:01:37]} 29. c4 {[%clk 0:01:34]}  Nb4 {[%clk 0:01:34]} 30. Be3 {[%clk 0:01:34]}  Nc2 {[%clk 0:01:34]} 31. Bxg5 {[%clk 0:01:16]}  Nxe1 {[%clk 0:01:33]} 32. Kxe1 {[%clk 0:01:16]}  Rc3 {[%clk 0:01:33]} 33. Bxh4 {[%clk 0:01:14]}  Rc2 {[%clk 0:01:34]} 34. g4 {[%clk 0:01:12]}  Rxa2 {[%clk 0:01:34]} 35. Bg5 {[%clk 0:01:12]}  Rb2 {[%clk 0:01:33]} 36. h4 {[%clk 0:01:09]}  Rxb3 {[%clk 0:01:34]} 37. h5 {[%clk 0:01:08]}  Rxf3 {[%clk 0:01:34]} 38. h6 {[%clk 0:01:05]}  Rh3 {[%clk 0:01:34]} 39. Bf4 {[%clk 0:01:05]}  Ke6 {[%clk 0:01:25]} 40. g5 {[%clk 0:01:04]}  Kf5 {[%clk 0:01:25]} 41. Bxc7 {[%clk 0:00:58]}  Kxg5 {[%clk 0:01:25]} 42. Bxb6 {[%clk 0:00:57]}  Kxh6 {[%clk 0:01:23]} 43. Kd2 {[%clk 0:00:57]}  Kg6 {[%clk 0:01:23]} 44. Be3 {[%clk 0:00:55]}  Kf5 {[%clk 0:01:24]} 45. Kd3 {[%clk 0:00:54]}  Ke5 {[%clk 0:01:24]} 46. Kd2 {[%clk 0:00:46]}  Ke4 {[%clk 0:01:24]} 47. Bc5 {[%clk 0:00:44]}  Rg3 {[%clk 0:01:13]} 48. Be7 {[%clk 0:00:25]}  Rg7 {[%clk 0:01:09]} 49. Bf8 {[%clk 0:00:24]}  Rf7 {[%clk 0:01:08]} 50. Bb4 {[%clk 0:00:14]}  Kd4 {[%clk 0:01:05]} 51. c5 {[%clk 0:00:14]}  Kc4 {[%clk 0:01:06]} 52. Ba3 {[%clk 0:00:14]}  Rf3 {[%clk 0:01:03]} 53. Bb2 {[%clk 0:00:13]}  Rf2+ {[%clk 0:01:01]} 54. Kc1 {[%clk 0:00:13]}  Kxc5 {[%clk 0:01:00]} 55. Bc3 {[%clk 0:00:09]}  Kc4 {[%clk 0:01:00]} 56. Bd2 {[%clk 0:00:09]}  Kd3 {[%clk 0:00:57]} 57. Ba5 {[%clk 0:00:08]}  Ra2 {[%clk 0:00:56]} 58. Bb6 {[%clk 0:00:07]}  Kc3 {[%clk 0:00:54]} 59. Kb1 {[%clk 0:00:07]}  Kb3 {[%clk 0:00:54]} 60. Bd4 {[%clk 0:00:06]}  Rd2 {[%clk 0:00:54]} 61. Be3 {[%clk 0:00:05]}  Rd1+ {[%clk 0:00:54]} 62. Bc1 {[%clk 0:00:02]}  b5 {[%clk 0:00:54]} 0-1

[Event "April 9 Late 2024"]
[Site "Chess.com"]
[Date "2024.04.09"]
[Round "3"]
[White "Kubicka, Anna"]
[Black "Sena, Juan"]
[Result "1-0"]
[Board "134"]
[WhiteFideId "1152254"]
[BlackFideId "6400272"]
[WhiteTitle "WIM"]
[WhiteElo "2517"]
[BlackElo "2191"]
[WhiteTeam "POL"]
[BlackTeam "DOM"]
[WhiteClock "0:00:55"]
[BlackClock "0:00:08"]
[Variant "Standard"]

1. d4 {[%clk 0:03:00]}  Nf6 {[%clk 0:02:59]} 2. Bg5 {[%clk 0:03:00]}  e6 {[%clk 0:02:55]} 3. e4 {[%clk 0:02:59]}  Be7 {[%clk 0:02:48]} 4. e5 {[%clk 0:02:58]}  Nd5 {[%clk 0:02:47]} 5. Bxe7 {[%clk 0:02:58]}  Qxe7 {[%clk 0:02:47]} 6. c4 {[%clk 0:02:51]}  Nb6 {[%clk 0:02:42]} 7. Nc3 {[%clk 0:02:51]}  d6 {[%clk 0:02:38]} 8. Nf3 {[%clk 0:02:48]}  N8d7 {[%clk 0:02:36]} 9. Bd3 {[%clk 0:02:43]}  dxe5 {[%clk 0:02:34]} 10. Nxe5 {[%clk 0:02:44]}  Nxe5 {[%clk 0:02:32]} 11. dxe5 {[%clk 0:02:45]}  Qg5 {[%clk 0:02:30]} 12. Qe2 {[%clk 0:02:14]}  Bd7 {[%clk 0:02:14]} 13. O-O {[%clk 0:02:11]}  O-O-O {[%clk 0:02:10]} 14. f4 {[%clk 0:02:04]}  Qh4 {[%clk 0:01:59]} 15. a4 {[%clk 0:01:54]}  Bc6 {[%clk 0:01:49]} 16. Nb5 {[%clk 0:01:43]}  Kb8 {[%clk 0:01:46]} 17. a5 {[%clk 0:01:38]}  Nd7 {[%clk 0:01:45]} 18. Nd4 {[%clk 0:01:38]}  Nxe5 {[%clk 0:01:14]} 19. Qxe5 {[%clk 0:01:37]}  Bxg2 {[%clk 0:01:13]} 20. Kxg2 {[%clk 0:01:33]}  Qg4+ {[%clk 0:01:04]} 21. Kh1 {[%clk 0:01:30]}  f6 {[%clk 0:00:59]} 22. Qc5 {[%clk 0:01:23]}  e5 {[%clk 0:00:53]} 23. Nb5 {[%clk 0:01:10]}  Rxd3 {[%clk 0:00:33]} 24. Qxc7+ {[%clk 0:00:55]}  Ka8 {[%clk 0:00:08]} 25. a6 {[%clk 0:00:55]} 1-0

[Event "April 9 Late 2024"]
[Site "Chess.com"]
[Date "2024.04.09"]
[Round "3"]
[White "Sailer, Mike"]
[Black "Seletsky, Grigory"]
[Result "0-1"]
[Board "135"]
[WhiteFideId "2012901"]
[BlackFideId "14112191"]
[BlackTitle "FM"]
[WhiteElo "2169"]
[BlackElo "2516"]
[WhiteTeam "USA"]
[BlackTeam "UKR"]
[WhiteClock "0:00:16"]
[BlackClock "0:01:20"]
[Variant "Standard"]

1. d4 {[%clk 0:02:59]}  c5 {[%clk 0:02:56]} 2. e3 {[%clk 0:02:53]}  Qc7 {[%clk 0:02:54]} 3. Nf3 {[%clk 0:02:52]}  Nf6 {[%clk 0:02:53]} 4. c3 {[%clk 0:02:49]}  g6 {[%clk 0:02:53]} 5. Bd3 {[%clk 0:02:47]}  d5 {[%clk 0:02:52]} 6. h3 {[%clk 0:02:46]}  Bg7 {[%clk 0:02:52]} 7. O-O {[%clk 0:02:46]}  O-O {[%clk 0:02:52]} 8. Nbd2 {[%clk 0:02:41]}  b6 {[%clk 0:02:52]} 9. b3 {[%clk 0:02:41]}  Ba6 {[%clk 0:02:50]} 10. Bxa6 {[%clk 0:02:38]}  Nxa6 {[%clk 0:02:50]} 11. Bb2 {[%clk 0:02:38]}  c4 {[%clk 0:02:46]} 12. Ba3 {[%clk 0:02:34]}  b5 {[%clk 0:02:45]} 13. bxc4 {[%clk 0:02:30]}  bxc4 {[%clk 0:02:45]} 14. Rb1 {[%clk 0:02:29]}  Rfb8 {[%clk 0:02:34]} 15. Qa4 {[%clk 0:02:21]}  Rb6 {[%clk 0:02:35]} 16. Ne5 {[%clk 0:02:08]}  e6 {[%clk 0:02:08]} 17. Rxb6 {[%clk 0:01:55]}  axb6 {[%clk 0:02:05]} 18. Rb1 {[%clk 0:01:53]}  Ne8 {[%clk 0:01:58]} 19. Qb5 {[%clk 0:01:11]}  Bxe5 {[%clk 0:01:53]} 20. dxe5 {[%clk 0:01:11]}  Nc5 {[%clk 0:01:51]} 21. Bxc5 {[%clk 0:01:09]}  bxc5 {[%clk 0:01:50]} 22. Rb2 {[%clk 0:00:50]}  Qxe5 {[%clk 0:01:26]} 23. Qxc5 {[%clk 0:00:46]}  Qxc3 {[%clk 0:01:24]} 24. Rb7 {[%clk 0:00:23]}  Qxd2 {[%clk 0:01:20]} 25. Qe7 {[%clk 0:00:22]}  Qe1+ {[%clk 0:01:20]} 26. Kh2 {[%clk 0:00:16]}  Qxf2 {[%clk 0:01:20]} 0-1

[Event "April 9 Late 2024"]
[Site "Chess.com"]
[Date "2024.04.09"]
[Round "3"]
[White "Spitzl, Vinzent"]
[Black "Antunes, Luciano Justi"]
[Result "1-0"]
[Board "136"]
[WhiteFideId "12901253"]
[BlackFideId "2126893"]
[WhiteTitle "FM"]
[WhiteElo "2516"]
[BlackElo "2150"]
[WhiteTeam "GER"]
[BlackTeam "BRA"]
[WhiteClock "0:01:10"]
[BlackClock "0:00:00"]
[Variant "Standard"]

1. d4 {[%clk 0:03:00]}  Nf6 {[%clk 0:02:59]} 2. Nf3 {[%clk 0:03:01]}  g6 {[%clk 0:02:58]} 3. c4 {[%clk 0:03:00]}  d5 {[%clk 0:02:56]} 4. Nc3 {[%clk 0:02:57]}  Bg7 {[%clk 0:02:55]} 5. Bg5 {[%clk 0:02:57]}  Ne4 {[%clk 0:02:53]} 6. Bf4 {[%clk 0:02:50]}  Nxc3 {[%clk 0:02:45]} 7. bxc3 {[%clk 0:02:49]}  c5 {[%clk 0:02:41]} 8. e3 {[%clk 0:02:48]}  cxd4 {[%clk 0:02:34]} 9. cxd4 {[%clk 0:02:44]}  Nc6 {[%clk 0:02:34]} 10. cxd5 {[%clk 0:02:33]}  Qxd5 {[%clk 0:02:32]} 11. Be2 {[%clk 0:02:33]}  Qa5+ {[%clk 0:02:31]} 12. Qd2 {[%clk 0:02:32]}  Qxd2+ {[%clk 0:02:29]} 13. Kxd2 {[%clk 0:02:30]}  O-O {[%clk 0:02:20]} 14. Rhc1 {[%clk 0:02:28]}  Bg4 {[%clk 0:02:13]} 15. Rab1 {[%clk 0:02:19]}  Bxf3 {[%clk 0:01:44]} 16. Bxf3 {[%clk 0:02:18]}  e5 {[%clk 0:01:44]} 17. Bxc6 {[%clk 0:02:08]}  bxc6 {[%clk 0:01:32]} 18. Bxe5 {[%clk 0:02:07]}  Bxe5 {[%clk 0:01:27]} 19. dxe5 {[%clk 0:02:08]}  Rfd8+ {[%clk 0:01:25]} 20. Ke2 {[%clk 0:02:08]}  Rd5 {[%clk 0:01:20]} 21. f4 {[%clk 0:02:07]}  Ra5 {[%clk 0:01:18]} 22. Rb2 {[%clk 0:02:04]}  c5 {[%clk 0:01:18]} 23. g4 {[%clk 0:01:58]}  Rd8 {[%clk 0:01:16]} 24. Rbc2 {[%clk 0:01:53]}  Kg7 {[%clk 0:01:14]} 25. g5 {[%clk 0:01:48]}  h6 {[%clk 0:01:12]} 26. h4 {[%clk 0:01:48]}  hxg5 {[%clk 0:01:09]} 27. hxg5 {[%clk 0:01:47]}  Rh8 {[%clk 0:01:09]} 28. Rxc5 {[%clk 0:01:40]}  Rxa2+ {[%clk 0:01:08]} 29. Kd3 {[%clk 0:01:38]}  Rd8+ {[%clk 0:01:00]} 30. Ke4 {[%clk 0:01:38]}  Ra3 {[%clk 0:00:43]} 31. R1c3 {[%clk 0:01:34]}  Ra4+ {[%clk 0:00:39]} 32. R5c4 {[%clk 0:01:31]}  Ra5 {[%clk 0:00:34]} 33. Rc7 {[%clk 0:01:29]}  Kg8 {[%clk 0:00:33]} 34. Rb7 {[%clk 0:01:27]}  Ra4+ {[%clk 0:00:30]} 35. Kf3 {[%clk 0:01:27]}  a5 {[%clk 0:00:20]} 36. Rcc7 {[%clk 0:01:26]}  Rf8 {[%clk 0:00:20]} 37. e6 {[%clk 0:01:26]}  Rb4 {[%clk 0:00:14]} 38. Rxf7 {[%clk 0:01:19]}  Rxf7 {[%clk 0:00:09]} 39. Rxf7 {[%clk 0:01:16]}  a4 {[%clk 0:00:07]} 40. Ra7 {[%clk 0:01:16]}  Kf8 {[%clk 0:00:07]} 41. e4 {[%clk 0:01:14]}  Rb3+ {[%clk 0:00:06]} 42. Kg4 {[%clk 0:01:15]}  a3 {[%clk 0:00:06]} 43. f5 {[%clk 0:01:14]}  gxf5+ {[%clk 0:00:06]} 44. exf5 {[%clk 0:01:14]}  Rb4+ {[%clk 0:00:04]} 45. Kh5 {[%clk 0:01:14]}  a2 {[%clk 0:00:04]} 46. Rxa2 {[%clk 0:01:13]}  Rb5 {[%clk 0:00:02]} 47. Kg6 {[%clk 0:01:13]}  Rb8 {[%clk 0:00:00]} 48. Rh2 {[%clk 0:01:10]} 1-0

[Event "April 9 Late 2024"]
[Site "Chess.com"]
[Date "2024.04.09"]
[Round "3"]
[White "Dziewonski, Dariusz"]
[Black "Reinecke, Katharina"]
[Result "1-0"]
[Board "137"]
[WhiteFideId "21835829"]
[BlackFideId "12929727"]
[WhiteTitle "FM"]
[BlackTitle "WCM"]
[WhiteElo "2515"]
[BlackElo "2028"]
[WhiteTeam "POL"]
[BlackTeam "GER"]
[WhiteClock "0:00:44"]
[BlackClock "0:00:00"]
[Variant "Standard"]

1. e4 {[%clk 0:03:00]}  c6 {[%clk 0:02:56]} 2. d4 {[%clk 0:03:00]}  d5 {[%clk 0:02:54]} 3. Nc3 {[%clk 0:03:01]}  dxe4 {[%clk 0:02:49]} 4. Nxe4 {[%clk 0:03:02]}  Bf5 {[%clk 0:02:49]} 5. Ng3 {[%clk 0:03:02]}  Bg6 {[%clk 0:02:49]} 6. h4 {[%clk 0:03:03]}  h6 {[%clk 0:02:49]} 7. f4 {[%clk 0:03:04]}  e6 {[%clk 0:02:41]} 8. Nf3 {[%clk 0:03:04]}  Nd7 {[%clk 0:02:39]} 9. h5 {[%clk 0:03:04]}  Bh7 {[%clk 0:02:39]} 10. Bd3 {[%clk 0:03:04]}  Bxd3 {[%clk 0:02:37]} 11. Qxd3 {[%clk 0:03:05]}  Ngf6 {[%clk 0:02:36]} 12. Bd2 {[%clk 0:03:05]}  Be7 {[%clk 0:02:21]} 13. O-O-O {[%clk 0:03:05]}  c5 {[%clk 0:02:05]} 14. f5 {[%clk 0:02:50]}  c4 {[%clk 0:01:44]} 15. Qxc4 {[%clk 0:02:44]}  Rc8 {[%clk 0:01:43]} 16. Qb3 {[%clk 0:02:38]}  Nd5 {[%clk 0:01:32]} 17. fxe6 {[%clk 0:02:32]}  fxe6 {[%clk 0:01:31]} 18. Rhe1 {[%clk 0:02:20]}  Nf8 {[%clk 0:01:14]} 19. Ne5 {[%clk 0:02:14]}  Bd6 {[%clk 0:00:59]} 20. Qb5+ {[%clk 0:01:47]}  Ke7 {[%clk 0:00:50]} 21. Qxb7+ {[%clk 0:01:39]}  Qc7 {[%clk 0:00:35]} 22. Qxc7+ {[%clk 0:01:22]}  Rxc7 {[%clk 0:00:36]} 23. Kb1 {[%clk 0:00:53]}  Rg8 {[%clk 0:00:32]} 24. b3 {[%clk 0:00:52]}  Nd7 {[%clk 0:00:32]} 25. c4 {[%clk 0:00:50]}  Nxe5 {[%clk 0:00:20]} 26. dxe5 {[%clk 0:00:51]}  Bxe5 {[%clk 0:00:04]} 27. Rxe5 {[%clk 0:00:50]}  Nb6 {[%clk 0:00:04]} 28. Rde1 {[%clk 0:00:49]}  Rc6 {[%clk 0:00:02]} 29. Bb4+ {[%clk 0:00:45]}  Kd7 {[%clk 0:00:02]} 30. Rd1+ {[%clk 0:00:44]}  Kc7 {[%clk 0:00:00]} 31. Ne4 {[%clk 0:00:44]} 1-0